[Event "Tourn. n8895"]
[Site "www.chess-mail.com"]
[Date "2016.08.14"]
[Round "1"]
[White "Nulladies"]
[Black "Ison"]
[WhiteElo "1750"]
[BlackElo "1780"]
[Result "1-0"]
[Round "1"]
1.d4 Ng8f6
2.Bc1f4 d5
3.Ng1f3 e6
4.e3 Bf8d6
5.Nf3e5 c5
6.c3 Qd8c7
7.Nb1a3 a6
8.Na3c2 Nb8c6
9.Bf1e2 Nc6xe5
10.dxe5 Bd6xe5
11.Bf4xe5 Qc7xe5
12.O-O O-O
13.Nc2e1 c4
14.Ne1f3 Qe5d6
15.h3 Bc8d7
16.Qd1c2 Bd7c6
17.Nf3d4 Ra8c8
18.f3 h6
19.Ra1d1 Rf8d8
20.b3 cxb3
21.axb3 Qd6g3
22.Nd4xc6 Rc8xc6
23.c4 dxc4
24.Rd1xd8 { resign }
1-0

[Event "Tourn. n8860"]
[Site "www.chess-mail.com"]
[Date "2016.08.14"]
[Round "1"]
[White "Cal"]
[Black "Redabond"]
[WhiteElo "1600"]
[BlackElo "1610"]
[Result "0-1"]
[Round "1"]
1.c4 d5
2.cxd5 Qd8xd5
3.d3 Ng8f6
4.Nb1c3 Qd5d8
5.e4 Bc8g4
6.f3 Bg4e6
7.h3 g6
8.a3 Bf8g7
9.b4 O-O
10.Ng1e2 Nb8c6
11.Ne2g3 Qd8d6
12.Bf1e2 Qd6xg3
13.Kd2 Qg3xg2
14.Kc2 Nc6d4
15.Kb2 Nd4xe2
16.Nc3xe2 Qg2xf3
17.e5 Nf6d5
18.d4 f6
19.h4 fxe5
20.Bc1g5 h6
21.Bg5d2 exd4
22.Ra1c1 d3
23.Ne2c3 Qf3xd1
24.Rh1xd1 Nd5xc3
25.Bd2xc3 Rf8f2
26.Rd1d2 Bg7xc3
27.Kxc3 Rf2xd2
28.Kxd2 Ra8d8
29.Rc1xc7 Rd8d7
30.Rc7c8 Kg7
31.Rc8c5 Be6f5
32.h5 b6
33.Rc5e5 Kf6
34.Re5e3 gxh5
35.a4 Rd7d4
36.a5 bxa5
37.bxa5 Rd4a4
38.a6 Ra4xa6
39.Re3f3 Ra6d6
40.Rf3f4 Kg5
41.Rf4a4 Rd6d7
42.Ra4a5 h4
43.Ra5a4 h3
44.Ra4a1 Kh4
45.Ra1h1 Kg3
46.Rh1g1 Kf2
47.Rg1h1 Kg2
48.Rh1e1 Rd7c7
49.Re1e5 e6
50.Re5e1 h2
{ resign }
0-1

[Event "Tourn. n8888"]
[Site "www.chess-mail.com"]
[Date "2016.08.14"]
[Round "1"]
[White "Picifarkinca"]
[Black "Attatroll"]
[WhiteElo "1960"]
[BlackElo "1910"]
[Result "1-0"]
[Round "1"]
1.e4 d6
2.d4 Ng8f6
3.f3 g6
4.c4 Bf8g7
5.Nb1c3 c6
6.Bc1e3 O-O
7.Qd1d2 Nb8a6
8.Bf1d3 Na6b4
9.Bd3b1 Bc8d7
10.a3 Nb4a6
11.Ng1e2 d5
12.e5 Nf6e8
13.c5 Na6c7
14.Be3h6 Nc7e6
15.O-O a5
16.Nc3a4 Ne8c7
17.Na4b6 Ra8a7
18.Bh6xg7 Kxg7
19.f4 Nc7b5
20.Nb6xd7 Qd8xd7
21.a4 Nb5c7
22.Ra1a3 f6
23.f5 Ne6g5
24.fxg6 Qd7g4
25.Ra3g3 Qg4h4
26.gxh7 Rf8h8
27.exf6 exf6
28.Qd2d3 Rh8xh7
29.Qd3g6 Kh8
30.Qg6xf6 Rh7g7
31.Qf6d8 Rg7g8
32.Qd8xc7 Ra7a8
33.Qc7e5 Rg8g7
34.Rf1f5 { resign }
1-0

[Event "Tourn. n8920"]
[Site "www.chess-mail.com"]
[Date "2016.08.14"]
[Round "1"]
[White "Jhzes"]
[Black "Bojan"]
[WhiteElo "1970"]
[BlackElo "1870"]
[Result "1-0"]
[Round "1"]
1.d4 g6
2.Bc1f4 Bf8g7
3.c4 d5
4.Nb1c3 c6
5.cxd5 cxd5
6.Nc3b5 Qd8a5
7.Nb5c3 e6
8.e3 a6
9.Qd1a4 Qa5xa4
10.Nc3xa4 Nb8d7
11.Ng1f3 b5
12.Na4c3 Ng8f6
13.h3 Nd7b6
14.b3 Nf6h5
15.Bf4c7 Nb6d7
16.Bf1xb5 axb5
17.Nc3xb5 O-O
18.Bc7d6 Rf8d8
19.Bd6e7 Rd8f8
20.Be7xf8 Bg7xf8
21.a4 Bf8b4
22.Nf3d2 Bc8a6
23.Nb5c7 Ra8a7
24.Nc7xa6 Ra7xa6
25.Ra1d1 Ra6b6
26.Rd1b1 Nh5f6
27.Ke2 Nd7b8
28.Rh1c1 Kf8
29.Nd2f3 h6
30.Rc1c7 Nf6d7
31.Rc7c8 Ke7
32.Rb1c1 f6
33.Nf3h4 g5
34.Nh4g6 Kf7
35.Ng6h8 Kg7
36.Rc1c7 Bb4d6
37.Rc7a7 Rb6xb3
38.a5 Rb3a3
39.Rc8d8 Bd6f8
40.Rd8xb8 Kxh8
41.Ra7xd7 Kg8
42.Rb8a8 Ra3b3
43.Rd7d8 { resign }
1-0

[Event "Tourn. n8909"]
[Site "www.chess-mail.com"]
[Date "2016.08.14"]
[Round "1"]
[White "Faerieking"]
[Black "Marbachess"]
[WhiteElo "2230"]
[BlackElo "2630"]
[Result "0-1"]
[Round "1"]
1.e4 e6
2.d4 Ng8f6
3.Nb1c3 c5
4.Ng1f3 cxd4
5.Nf3xd4 d6
6.Bf1c4 Bf8e7
7.Bc1e3 O-O
8.Qd1e2 a6
9.f3 Qd8c7
10.Bc4b3 d5
11.exd5 e5
{ resign }
0-1

[Event "Match"]
[Site "www.echecsemail.com"]
[Date "2016.08.14"]
[Round "1"]
[White "Gimmyg"]
[Black "Jhzes"]
[WhiteElo "2520"]
[BlackElo "1960"]
[Result "1-0"]
[Round "1"]
1.Ng1f3 e6
2.g3 c6
3.d3 b5
4.Bf1g2 Bc8b7
5.O-O c5
6.e4 d6
7.a4 a6
8.e5 d5
9.axb5 axb5
10.Ra1xa8 Bb7xa8
11.Nb1c3 b4
12.Nc3e2 f6
13.Ne2f4 Qd8d7
14.exf6 Ng8xf6
15.Rf1e1 Qd7c6
16.Re1xe6 { resign }
1-0

[Event "Match"]
[Site "www.echecsemail.com"]
[Date "2016.08.14"]
[Round "1"]
[White "Witpar"]
[Black "Fabos12"]
[WhiteElo "2650"]
[BlackElo "1960"]
[Result "1-0"]
[Round "1"]
1.d4 e6
2.c4 c5
3.d5 exd5
4.cxd5 d6
5.Nb1c3 g6
6.e4 Bf8g7
7.Bf1d3 Ng8e7
8.h4 O-O
9.h5 Nb8d7
10.Ng1f3 Nd7e5
11.Nf3xe5 Bg7xe5
12.Bc1h6 Be5g7
13.Qd1d2 Bc8g4
14.hxg6 Ne7xg6
15.Bh6xg7 Kxg7
16.Qd2h6 Kf6
17.e5 dxe5
18.Nc3e4 Ke7
19.Qh6g5 Kd7
20.Qg5xg4 f5
21.Ne4xc5 { resign }
1-0

[Event "1/128 Finale"]
[Site "www.chess-mail.com"]
[Date "2016.08.14"]
[Round "1"]
[White "Derfel83"]
[Black "Mitja"]
[WhiteElo "2050"]
[BlackElo "1940"]
[Result "1-0"]
[Round "1"]
1.c4 d5
2.e3 dxc4
3.Bf1xc4 e6
4.Ng1f3 c6
5.a4 b6
6.O-O Bc8b7
7.d4 Ng8f6
8.Nb1c3 Nb8a6
9.Ra1b1 Bf8d6
10.Qd1c2 Na6b4
11.Qc2e2 Bd6c7
12.Nf3g5 Qd8d6
13.f4 h6
14.Ng5e4 Nf6xe4
15.Nc3xe4 Qd6e7
16.Bc1d2 Nb4d5
17.Ne4g3 O-O
18.e4 Nd5f6
19.e5 Nf6d5
20.Ng3h5 f6
21.Qe2g4 f5
22.Qg4h3 Bc7d8
23.Bc4xd5 cxd5
24.Bd2e1 Bb7a6
25.Rf1f3 Ba6e2
26.Rf3g3 Be2g4
27.Rg3xg4 fxg4
28.Qh3xg4 Qe7f7
29.Be1b4 Bd8e7
30.Bb4xe7 Qf7xe7
31.Rb1f1 Kh8
32.f5 exf5
33.Rf1xf5 Rf8xf5
34.Qg4xf5 Ra8f8
35.Qf5g4 Qe7f7
36.h4 Qf7f1
37.Kh2 Qf1f7
38.e6 Qf7e7
39.Nh5f4 Qe7d6
40.e7 Rf8e8
41.g3 g5
42.hxg5 Re8xe7
43.g6 Re7g7
44.Qg4h5 Kg8
45.Qh5xd5 Qd6xd5
46.Nf4xd5 Kf8
47.Nd5f4 Rg7e7
48.Kh3 Re7e1
49.d5 Re1d1
50.Kg4 Kg7
51.Kf5 Rd1d2
52.Nf4e6 Kg8
53.Ne6f4 Kg7
54.Ke6 Rd2d4
55.d6 Rd4e4
56.Kd7 Kf6
57.Kc7 Re4c4
58.Kd8 Rc4xa4
59.d7 a5
60.Ke8 Ra4e4
61.Kf8 { resign }
1-0

[Event "1/128 Finale"]
[Site "www.chess-mail.com"]
[Date "2016.08.14"]
[Round "1"]
[White "Fabos12"]
[Black "Sachpat"]
[WhiteElo "1940"]
[BlackElo "2270"]
[Result "0-1"]
[Round "1"]
1.Ng1f3 c5
2.c3 d5
3.d4 e6
4.Bc1g5 Bf8e7
5.Bg5xe7 Qd8xe7
6.Nb1d2 Ng8f6
7.dxc5 Qe7xc5
8.Nd2b3 Qc5e7
9.e3 O-O
10.Nf3e5 Nb8c6
11.Ne5d3 b6
12.a4 e5
13.a5 Bc8f5
14.h3 d4
15.cxd4 exd4
16.Bf1e2 dxe3
17.O-O Ra8d8
18.Qd1b1 Nc6b4
19.Rf1d1 exf2
20.Kxf2 Rf8e8
21.Be2f1 Qe7e3

0-1

[Event "Tourn. n8879"]
[Site "www.chess-mail.com"]
[Date "2016.08.15"]
[Round "1"]
[White "Libiesse"]
[Black "Picifarkinca"]
[WhiteElo "1950"]
[BlackElo "2000"]
[Result "0-1"]
[Round "1"]
1.d4 c5
2.d5 e6
3.c4 exd5
4.cxd5 d6
5.Nb1c3 Ng8f6
6.Bc1g5 g6
7.e4 Bf8g7
8.Bf1d3 O-O
9.Ng1e2 Nb8d7
10.O-O a6
11.f4 Qd8c7
12.Ne2g3 b5
13.f5 Nd7e5
14.fxg6 fxg6
15.Bg5xf6 Rf8xf6
16.Rf1xf6 Bg7xf6
17.Qd1c2 Ne5xd3
18.Qc2xd3 Bf6d4
19.Kh1 Bc8g4
20.h3 Bg4d7
21.Ra1c1 Ra8f8
22.Nc3e2 Bd4xb2
23.Rc1c2 Bb2e5
24.Kg1 Qc7a5
25.Qd3e3 Qa5e1
{ resign }
0-1

[Event "Tourn. n8901"]
[Site "www.chess-mail.com"]
[Date "2016.08.15"]
[Round "1"]
[White "Vasylpuzanov"]
[Black "Ffdd65"]
[WhiteElo "2080"]
[BlackElo "2230"]
[Result "0-1"]
[Round "1"]
1.d4 d5
2.c4 e6
3.cxd5 exd5
4.Ng1f3 Ng8f6
5.Bc1g5 h6
6.Bg5xf6 Qd8xf6
7.Nb1c3 Bf8b4
8.e3 c6
9.Qd1c2 { time. }
0-1

[Event "Tourn. n8894"]
[Site "www.chess-mail.com"]
[Date "2016.08.15"]
[Round "1"]
[White "Egdiogel"]
[Black "Jhzes"]
[WhiteElo "2189"]
[BlackElo "2020"]
[Result "1-0"]
[Round "1"]
1.e4 Nb8c6
2.Ng1f3 e5
3.Bf1b5 d6
4.c3 Bc8d7
5.O-O a6
6.Bb5a4 Ng8f6
7.Rf1e1 b5
8.Ba4c2 h6
9.d4 Bf8e7
10.Bc1e3 exd4
11.cxd4 Bd7g4
12.h3 Bg4xf3
13.Qd1xf3 Nc6b4
14.Bc2b3 Nb4d3
15.Re1e2 Nd3b4
16.e5 dxe5
17.dxe5 Nf6d5
18.a3 O-O
19.axb4 Nd5xb4
20.Nb1c3 Qd8c8
21.Ra1d1 c5
22.Bb3d5 Ra8a7
23.Nc3e4 Ra7d7
24.Re2d2 c4
25.Ne4f6 Be7xf6
26.exf6 g5
27.Qf3h5 Nb4xd5
28.Rd2xd5 Rf8d8
29.Qh5xh6 { resign }
1-0

[Event "Tourn. n8844"]
[Site "www.chess-mail.com"]
[Date "2016.08.15"]
[Round "1"]
[White "Abuelo"]
[Black "Libiesse"]
[WhiteElo "2200"]
[BlackElo "2040"]
[Result "1/2-1/2"]
[Round "1"]
1.e4 c5
2.Bf1c4 e6
3.Nb1c3 Nb8c6
4.d3 Ng8f6
5.Bc1g5 Bf8e7
6.Ng1f3 Qd8c7
7.h3 a6
8.a3 b5
9.Bc4b3 Bc8b7
10.Qd1d2 O-O
11.Qd2e3 Rf8e8
12.O-O Ra8d8
13.Rf1e1 Nc6a5
14.e5 Nf6d5
15.Nc3xd5 Bb7xd5
16.Bg5xe7 Re8xe7
17.Bb3xd5 exd5
18.b4 d4
19.Qe3e4 Na5c6
20.bxc5 f6
21.Qe4h4 Nc6xe5
22.Nf3xe5 Re7xe5
23.Qh4xd4 Re5xc5
24.Re1e7 Rc5xc2
25.Qd4d5 Kh8
26.Qd5f7 Rc2c1
27.Ra1xc1 Qc7xc1
28.Kh2 Qc1f4
29.Kg1 Qf4c1
30.Kh2 Qc1f4
31.Kh1 Qf4c1
{ draw }
1/2-1/2

[Event "Tourn. n8895"]
[Site "www.chess-mail.com"]
[Date "2016.08.15"]
[Round "1"]
[White "Ison"]
[Black "Attatroll"]
[WhiteElo "1780"]
[BlackElo "1890"]
[Result "1-0"]
[Round "1"]
1.e4 d6
2.d4 Ng8f6
3.Bc1g5 g6
4.Nb1c3 Bf8g7
5.Ng1f3 O-O
6.Bf1c4 c6
7.h3 Nb8d7
8.O-O Nd7b6
9.Bc4b3 Bc8d7
10.Rf1e1 Qd8c8
11.e5 dxe5
12.dxe5 Nf6d5
13.Nc3xd5 Nb6xd5
14.Bb3xd5 cxd5
15.Qd1xd5 Bd7c6
16.Qd5b3 e6
17.Ra1d1 b6
18.Rd1d6 f6
19.Rd6xe6 Kh8
20.exf6 Bc6xf3
21.fxg7 Kxg7
22.Re6e7 Kh8
23.gxf3 Qc8xh3
24.Qb3c3 Kg8
25.Qc3g7 { resign }
1-0

[Event "Tourn. n8908"]
[Site "www.chess-mail.com"]
[Date "2016.08.15"]
[Round "1"]
[White "Kozakliuty"]
[Black "Cal"]
[WhiteElo "1660"]
[BlackElo "1770"]
[Result "0-1"]
[Round "1"]
1.f3 d5
2.e4 dxe4
3.fxe4 e5
4.Ng1f3 Bf8d6
5.Bf1c4 Ng8f6
6.d3 h6
7.Bc1e3 Bc8g4
8.O-O { time. }
0-1

[Event "Tourn. n8917"]
[Site "www.chess-mail.com"]
[Date "2016.08.15"]
[Round "1"]
[White "Mitja"]
[Black "Bojan"]
[WhiteElo "1900"]
[BlackElo "1890"]
[Result "1-0"]
[Round "1"]
1.d4 d5
2.e3 Bc8d7
3.h3 e6
4.Ng1f3 Ng8f6
5.c3 a6
6.Nb1d2 c5
7.dxc5 Bf8xc5
8.Nd2b3 Bc5d6
9.Bf1e2 Nb8c6
10.Nf3d4 Nc6xd4
11.Nb3xd4 Qd8b6
12.Qd1c2 e5
13.Nd4f3 Ra8c8
14.Qc2d2 Bd7c6
15.O-O e4
16.Nf3d4 Bc6d7
17.Rf1d1 h6
18.Be2f1 Nf6h7
19.f4 Qb6d8
20.Qd2f2 g6
21.Nd4e2 Rc8c5
22.b3 Nh7f6
23.Bc1b2 Rh8g8
24.Ne2d4 a5
25.Bb2a3 Qd8c7
26.Ba3xc5 Bd6xc5
27.Ra1c1 Bc5a3
28.Rc1c2 Kf8
29.Bf1b5 Ba3e7
30.Bb5xd7 Qc7xd7
31.c4 Kg7
32.cxd5 Qd7xd5
33.g4 b6
34.Qf2e2 Qd5b7
35.Kf2 Nf6d5
36.Nd4c6 Be7h4
37.Kg2 Nd5c7
38.Qe2c4 Rg8e8
39.Rd1d7 Re8e6
40.Nc6e5 Nc7d5
41.Rd7xd5 Re6e7
42.Qc4d4 Bh4f6
43.Rd5d7 Re7xd7
44.Qd4xd7 Qb7a6
45.Qd7xf7 { resign }
1-0

[Event "Tourn. n8899"]
[Site "www.chess-mail.com"]
[Date "2016.08.15"]
[Round "1"]
[White "Ison"]
[Black "Nulladies"]
[WhiteElo "1780"]
[BlackElo "1750"]
[Result "1-0"]
[Round "1"]
1.e4 c5
2.Ng1f3 g6
3.d4 cxd4
4.Nf3xd4 Bf8g7
5.Nb1c3 Nb8c6
6.Bc1e3 Qd8b6
7.Nd4b3 Bg7xc3
8.bxc3 Qb6c7
9.Nb3d4 a6
10.Bf1d3 Nc6e5
11.Qd1d2 Ne5xd3
12.cxd3 e5
13.Nd4b3 b6
14.O-O Bc8b7
15.Ra1b1 Ng8e7
16.Be3g5 d5
17.Bg5f6 Kd7
18.Bf6xh8 Ra8xh8
19.Qd2g5 Qc7xc3
20.Rf1c1 h6
21.Qg5xe7 Kxe7
22.Rc1xc3 Kd7
23.Rb1c1 Rh8c8
24.exd5 Rc8xc3
25.Rc1xc3 Bb7xd5
26.a4 Bd5c6
27.a5 b5
28.Nb3c5 Kc7
29.Nc5xa6 Kb7
30.Na6b4 { resign }
1-0

[Event "Tourn. n8704"]
[Site "www.chess-mail.com"]
[Date "2016.08.15"]
[Round "1"]
[White "Seger"]
[Black "Szustan"]
[WhiteElo "2730"]
[BlackElo "2610"]
[Result "1-0"]
[Round "1"]
1.e4 e5
2.Ng1f3 Nb8c6
3.Bf1c4 Ng8f6
4.d3 Bf8e7
5.O-O O-O
6.Rf1e1 d6
7.a4 Bc8e6
8.Nb1d2 Rf8e8
9.a5 a6
10.Bc4xe6 fxe6
11.c3 Re8f8
12.Qd1b3 Qd8c8
13.Nd2f1 Nf6h5
14.d4 Qc8d7
15.d5 Nc6d8
16.c4 c6
17.Bc1d2 Ra8b8
18.Ra1d1 Nd8f7
19.c5 exd5
20.exd5 Nh5f6
21.cxd6 Be7xd6
22.dxc6 bxc6
23.Qb3c4 Rb8b5
24.Nf1g3 Rf8e8
25.Nf3g5 Nf6d5
26.Ng5xf7 Kxf7
27.Ng3e4 Kf8
28.Rd1c1 Re8d8
29.g3 Bd6e7
30.Qc4xc6 Qd7xc6
31.Rc1xc6 Rd8a8
32.Re1d1 Rb5xb2
33.Bd2g5 Rb2b5
34.Bg5xe7 Nd5xe7
35.Rc6c7 Rb5d5
36.Rd1xd5 Ne7xd5
37.Rc7c6 Ke7
38.Ne4c5 Nd5b4
39.Rc6b6 Nb4d5
40.Rb6b7 Kf6
41.Kg2 Kg6
42.Rb7d7 Nd5f6
43.Rd7d6 Ra8c8
44.Nc5e4 Rc8c4
45.Ne4xf6 gxf6
46.Rd6xa6 Rc4a4
47.Ra6a8 Ra4a2
48.a6 h5
49.a7 Kf5
50.Kf3 Ra2a3
51.Ke2 Ra3a2
52.Kd3 Ra2a3
53.Kc4 Ke4
54.h4 Ra3a4
55.Kc5 { resign }
1-0

[Event "Tourn. n8917"]
[Site "www.chess-mail.com"]
[Date "2016.08.15"]
[Round "1"]
[White "Guidom"]
[Black "Mitja"]
[WhiteElo "2030"]
[BlackElo "1900"]
[Result "1/2-1/2"]
[Round "1"]
1.e4 d5
2.exd5 Qd8xd5
3.Nb1c3 Qd5d8
4.d3 e6
5.Bc1e3 c6
6.Bf1e2 h6
7.Ng1f3 Ng8f6
8.h3 Bf8e7
9.O-O Nb8d7
10.Nc3e4 Nd7b6
11.Qd1d2 Nf6xe4
12.dxe4 O-O
13.Qd2c3 Be7f6
14.e5 Bf6e7
15.Ra1d1 Qd8c7
16.b3 Nb6d5
17.Qc3d3 Nd5xe3
18.Qd3xe3 Rf8d8
19.c4 b6
20.Rd1xd8 Be7xd8
21.Rf1d1 Bc8b7
22.Nf3d4 Bd8g5
23.f4 Bg5e7
24.Be2f3 Ra8d8
25.f5 exf5
26.Nd4xf5 Rd8xd1
27.Bf3xd1 Qc7d7
28.Nf5xe7 Qd7xe7
29.Qe3d4 c5
30.Qd4d6 Qe7e8
31.Bd1g4 Bb7c8
32.Bg4f3 Qe8d7
33.Qd6b8 Kh7
34.Bf3g4 Qd7d4
35.Kh2 Bc8xg4
36.hxg4 Qd4xg4
37.Qb8xa7 Qg4f4
38.Kh3 Qf4f5
39.g4 Qf5f3
40.Kh2 Qf3xg4
41.Qa7xf7 Qg4e2
42.Kh3 Qe2xe5
43.Qf7f2 Qe5h5
44.Kg2 Qh5g5
45.Kh2 Qg5e5
46.Kg2 { draw }
1/2-1/2

[Event "Tourn. n8790"]
[Site "www.chess-mail.com"]
[Date "2016.08.15"]
[Round "1"]
[White "Picifarkinca"]
[Black "Ditto"]
[WhiteElo "1890"]
[BlackElo "1710"]
[Result "1-0"]
[Round "1"]
1.Ng1f3 d5
2.c4 Ng8f6
3.d4 Bc8g4
4.e3 e6
5.Nb1c3 Bf8b4
6.Bc1d2 O-O
7.Qd1b3 Bb4d6
8.c5 Bd6e7
9.Nf3e5 Bg4f5
10.Qb3xb7 Nb8d7
11.Ne5c6 Qd8e8
12.Nc6xe7 Qe8xe7
13.Qb7xc7 Rf8c8
14.Qc7a5 Nf6g4
15.Bf1e2 Qe7h4
16.Be2xg4 Bf5xg4
17.Qa5a4 Bg4f5
18.O-O Nd7f6
19.f3 a6
20.Qa4d1 Qh4h5
21.Rf1f2 Nf6d7
22.g4 Qh5g6
23.Rf2g2 Bf5d3
24.Nc3e2 Ra8b8
25.Bd2c3 Nd7f6
26.Ne2f4 Qg6h6
27.Qd1xd3 Nf6d7
28.Nf4h5 Rb8a8
29.f4 g6
30.Nh5g3 Nd7f6
31.g5 Qh6g7
32.gxf6 Qg7xf6
33.f5 exf5
34.Ng3xf5 Rc8e8
35.Ra1f1 Qf6c6
36.Nf5d6 Re8f8
37.Rf1f6 Qc6a4
38.b3 Qa4d7
39.e4 dxe4
40.Qd3xe4 Ra8b8
41.c6 Qd7c7
42.d5 Rb8d8
43.Rg2xg6 fxg6
44.Rf6xg6 hxg6
45.Qe4xg6 { resign }
1-0

[Event "Tourn. n8805"]
[Site "www.chess-mail.com"]
[Date "2016.08.15"]
[Round "1"]
[White "Julian"]
[Black "Sandokam"]
[WhiteElo "2070"]
[BlackElo "2070"]
[Result "1/2-1/2"]
[Round "1"]
1.e4 c6
2.d4 d5
3.e5 Qd8c7
4.f4 Bc8f5
5.Ng1f3 h6
6.Bf1d3 Bf5xd3
7.Qd1xd3 e6
8.O-O Ng8e7
9.c4 Nb8d7
10.Nb1c3 a6
11.cxd5 Ne7xd5
12.Nc3xd5 cxd5
13.f5 O-O-O
14.Bc1e3 Kb8
15.Rf1c1 Qc7b6
16.b4 Rd8c8
17.Rc1xc8 Kxc8
18.Ra1c1 Kb8
19.fxe6 fxe6
20.a4 g5
21.b5 a5
22.Nf3d2 Bf8b4
23.Nd2b3 Qb6d8
24.Nb3c5 Qd8e7
25.Qd3g6 Bb4xc5
26.dxc5 Nd7xe5
27.Qg6b1 Ne5c4
28.Be3f2 Qe7f6
29.Qb1d3 Rh8f8
30.Bf2g3 Ka7
31.Rc1f1 Qf6xf1
32.Qd3xf1 Rf8xf1
33.Kxf1 Nc4b2
34.Bg3e1 b6
35.c6 Nb2xa4
36.Ke2 Na4c5
37.Ke3 Kb8
38.Kd4 a4
39.Be1b4 Kc7
40.Bb4xc5 e5
41.Kxd5 bxc5
42.Kxc5 a3
43.b6 Kc8
44.Kd6 a2
45.b7 Kb8
46.Kd7 a1Q
47.c7 Kxb7
48.c8Q Ka7
49.Qc8c5 Ka8
50.Qc5c8 Ka7
51.Qc8c5 Ka8
52.Qc5c6 Ka7
53.Qc6c5 Ka8
54.Qc5c8 { draw }
1/2-1/2

[Event "Tourn. n8895"]
[Site "www.chess-mail.com"]
[Date "2016.08.15"]
[Round "1"]
[White "Nulladies"]
[Black "Ranjachess"]
[WhiteElo "1740"]
[BlackElo "1720"]
[Result "1/2-1/2"]
[Round "1"]
1.d4 d5
2.Bc1f4 Ng8f6
3.Ng1f3 Nf6e4
4.Nb1d2 Bc8f5
5.e3 a6
6.Bf1d3 Bf5g4
7.h3 Ne4xd2
8.hxg4 Nd2xf3
9.Qd1xf3 e6
10.c3 g6
11.e4 c5
12.g5 cxd4
13.Bf4e5 Rh8g8
14.Be5xd4 Nb8c6
15.exd5 Nc6xd4
16.cxd4 Bf8b4
17.Ke2 exd5
18.Qf3f6 Qd8e7
19.Qf6xe7 Bb4xe7
20.f4 f5
21.Rh1xh7 Kd7
22.Ra1c1 b5
23.Rc1c5 Ke6
24.Rc5c7 Rg8e8
25.Rh7g7 Kd6
26.Rc7b7 Be7f6
27.Kf3 Bf6xg7
28.Rb7xg7 Re8g8
29.Rg7h7 b4
30.g4 Rg8h8
31.Rh7h6 Rh8xh6
32.gxh6 Ra8h8
33.g5 a5
34.Bd3a6 Kc6
35.Kf2 a4
36.Ba6d3 Kb6
37.Bd3e2 Ka5
38.Kf3 b3
39.a3 Kb6
40.Be2d3 Kc6
41.Bd3e2 Kd6
42.Be2d3 Ke6
43.Bd3b5 Rh8a8
44.Ke2 Kf7
45.Kd2 Ra8c8
46.Bb5d3 Kg8
47.Ke2 Kh8
{ draw }
1/2-1/2

[Event "Tourn. n8857"]
[Site "www.chess-mail.com"]
[Date "2016.08.15"]
[Round "1"]
[White "Gearoidmac"]
[Black "Libiesse"]
[WhiteElo "2230"]
[BlackElo "2000"]
[Result "1-0"]
[Round "1"]
1.e4 c5
2.Nb1c3 e6
3.Ng1f3 Nb8c6
4.Bf1b5 Qd8c7
5.O-O Ng8f6
6.Rf1e1 Bf8e7
7.e5 Nc6xe5
8.Nf3xe5 a6
9.Bb5f1 d5
10.d4 cxd4
11.Qd1xd4 O-O
12.h3 b5
13.Bc1f4 Be7d6
14.Ne5d3 Rf8d8
15.Bf4xd6 Rd8xd6
16.Nd3e5 Bc8b7
17.a4 b4
18.Qd4xb4 Rd6b6
19.Qb4d4 Rb6xb2
20.Nc3xd5 Qc7xc2
21.Nd5xf6 gxf6
22.Re1e2 Qc2f5
23.Qd4xb2 Bb7d5
24.Ne5g4 Kg7
25.Re2e3 { resign }
1-0

[Event "Match"]
[Site "www.echecsemail.com"]
[Date "2016.08.15"]
[Round "1"]
[White "Llord"]
[Black "Jhzes"]
[WhiteElo "1920"]
[BlackElo "1990"]
[Result "0-1"]
[Round "1"]
1.e4 c5
2.Bf1c4 e6
3.Ng1f3 a6
4.a4 Nb8c6
5.O-O d5
6.exd5 exd5
7.Bc4e2 Bf8d6
8.d3 f6
9.Nb1c3 Bc8e6
10.Nf3h4 Qd8c7
11.g3 Ng8e7
12.b3 Bd6e5
13.Bc1b2 Be5xc3
14.Bb2xc3 d4
15.Bc3d2 O-O-O
16.c4 dxc3
17.Bd2xc3 Ne7d5
18.Bc3d2 g5
19.Nh4g2 Be6h3
20.Be2f3 Nd5e7
21.Rf1e1 Rd8xd3
22.Bf3e4 Rd3d4
23.Re1e2 Nc6e5
24.Qd1c2 Ne5g4
25.Be4f5 Ne7xf5
26.Qc2xf5 Kd8
27.f3 Rd4d5
28.Qf5xd5 Kc8
29.Ra1e1 Ng4e5
30.Bd2xg5 Rh8d8
31.Qd5e4 Rd8d4
32.Qe4c2 Ne5xf3
33.Kh1 Bh3xg2
34.Kxg2 Nf3xe1
35.Re2xe1 Qc7c6
36.Kg1 fxg5
37.Qc2f5 Kb8
38.Qf5e5 Ka7
39.Qe5xg5 Rd4b4
40.Re1b1 Qc6b6
41.h4 c4
42.Kh2 Qb6f2
43.Kh3 Rb4xb3
44.Qg5c1 Qf2f5
{ resign }
0-1

[Event "Match"]
[Site "www.echecsemail.com"]
[Date "2016.08.15"]
[Round "1"]
[White "Janerol"]
[Black "Franciscus"]
[WhiteElo "999"]
[BlackElo "1419"]
[Result "0-1"]
[Round "1"]
1.e4 e5
2.Ng1f3 Nb8c6
3.Bf1b5 Ng8f6
4.Bb5xc6 dxc6
5.Nf3xe5 Qd8d4
6.Ne5f3 Qd4xe4
7.Qd1e2 Qe4xe2
8.Kxe2 Bf8d6
9.d3 O-O
10.Bc1g5 Nf6d5
11.c4 Rf8e8
12.Kd2 Bd6f4
13.Bg5xf4 Nd5xf4
14.Nf3h4 Re8d8
15.g3 Nf4xd3
16.a4 Nd3xf2
17.Ke1 Nf2xh1
18.Nb1c3 Bc8g4
19.Kf1 Rd8d2
20.Ra1d1 Bg4xd1
21.Ke1 Ra8d8
22.Nc3b1 Rd2xb2
23.Nb1c3 Rd8e8
24.Kxd1 Nh1f2
25.Kc1 Nf2d3
26.Kd1 Re8e1

0-1

[Event "Match"]
[Site "www.echecsemail.com"]
[Date "2016.08.15"]
[Round "1"]
[White "Jhzes"]
[Black "Fkarpov"]
[WhiteElo "1840"]
[BlackElo "2130"]
[Result "1-0"]
[Round "1"]
1.g3 e6
2.d4 Bf8b4
3.c3 Bb4e7
4.f4 Ng8f6
5.Bf1g2 c6
6.e4 O-O
7.b3 d6
8.e5 dxe5
9.fxe5 Nf6d5
10.h4 f6
11.c4 Nd5b6
12.Qd1c2 Qd8xd4
13.Bc1b2 Qd4e3
14.Ng1e2 fxe5
15.Bg2e4 Qe3f2
16.Kd1 Nb8a6
17.Bb2xe5 Rf8d8
18.Nb1d2 Na6b4
19.Be4xh7 { resign }
1-0

[Event "Match"]
[Site "www.echecsemail.com"]
[Date "2016.08.15"]
[Round "1"]
[White "Jhzes"]
[Black "Libiesse"]
[WhiteElo "1840"]
[BlackElo "1970"]
[Result "1-0"]
[Round "1"]
1.d4 d5
2.Bc1f4 Ng8f6
3.Nb1c3 c6
4.g3 g6
5.Bf1g2 Bf8g7
6.e4 Nf6h5
7.Bf4g5 Qd8b6
8.Ng1e2 f6
9.Bg5e3 e5
10.b3 f5
11.dxe5 Qb6b4
12.f4 dxe4
13.a3 Qb4a5
14.b4 Qa5c7
15.h3 Bg7f8
16.Be3d4 c5
17.Nc3d5 Qc7f7
18.e6 Bc8xe6
19.Bd4xh8 Be6xd5
20.g4 fxg4
21.hxg4 Nh5xf4
22.Ne2xf4 Qf7xf4
23.Qd1xd5 Qf4g3
24.Kf1 Qg3f4
25.Ke1 Qf4g3
26.Kd1 Nb8c6
27.Qd5e6 Bf8e7
28.Qe6xe4 Ra8d8
29.Kc1 Kd7
30.Rh1xh7 { resign }
1-0

[Event "Match"]
[Site "www.echecsemail.com"]
[Date "2016.08.15"]
[Round "1"]
[White "Tbsundar"]
[Black "Hundegana"]
[WhiteElo "2050"]
[BlackElo "2100"]
[Result "0-1"]
[Round "1"]
1.d4 f5
2.c4 g6
3.e3 Bf8g7
4.Ng1f3 d6
5.Nb1d2 Ng8f6
6.b3 O-O
7.Bc1b2 e6
8.Bf1e2 h6
9.O-O Nb8c6
10.Nf3h4 Kh7
11.f4 d5
12.cxd5 exd5
13.g3 Qd8e7
 { time }
0-1

[Event "Match"]
[Site "www.echecsemail.com"]
[Date "2016.08.15"]
[Round "1"]
[White "Wwgia"]
[Black "Tbsundar"]
[WhiteElo "2040"]
[BlackElo "2050"]
[Result "1-0"]
[Round "1"]
1.d4 d5
2.c4 c6
3.Nb1c3 e6
4.Ng1f3 Ng8f6
5.Bc1g5 Bf8e7
6.e3 Nb8d7
7.Qd1c2 h6
8.Bg5h4 O-O
9.Ra1d1 Nf6h7
10.Bf1d3  { time }
1-0

[Event "Match"]
[Site "www.echecsemail.com"]
[Date "2016.08.15"]
[Round "1"]
[White "Krystek23"]
[Black "Tbsundar"]
[WhiteElo "2280"]
[BlackElo "2040"]
[Result "1-0"]
[Round "1"]
1.c4 e5
2.Nb1c3 Nb8c6
3.e3 Ng8e7
4.d4 d6
5.d5 Nc6b8
6.h3 c5
7.a3 g6
8.Ng1f3 Bf8g7
9.e4 O-O
10.Nf3d2 Nb8a6
11.Nd2b1 f5
12.Bf1e2 fxe4
13.Nc3xe4 Bc8f5
14.Ne4g3 e4
15.Nb1c3 Qd8a5
16.Bc1d2 Qa5d8
17.O-O Na6c7
18.Rf1e1 Bg7xc3
19.Bd2xc3 Nc7e8
20.Be2g4 Ne8f6
21.Qd1c1 Bf5xg4
22.Bc3xf6 Rf8xf6
23.hxg4 Qd8f8
24.Ng3xe4 Rf6f4
25.g5  { time }
1-0

[Event "Match"]
[Site "www.echecsemail.com"]
[Date "2016.08.15"]
[Round "1"]
[White "Calponas"]
[Black "Tbsundar"]
[WhiteElo "2030"]
[BlackElo "2040"]
[Result "1-0"]
[Round "1"]
1.e4 e5
2.Ng1f3 Nb8c6
3.Bf1c4 Ng8f6
4.Nf3g5 d5
5.exd5 Nc6a5
6.Bc4b5 c6
7.dxc6 bxc6
8.Bb5e2 h6
9.Ng5f3 e4
10.Nf3e5 Qd8d4
11.f4 Bf8c5
12.Rh1f1 Qd4d6
13.b4 Bc5xb4
14.c3 Bb4c5
15.d4 exd3
16.Qd1xd3 O-O
17.Bc1d2 Nf6d5
18.c4 Nd5b4
19.Qd3xd6 Bc5xd6
20.Nb1a3 Bc8f5
21.g4 Bf5e4
22.Ra1c1 f6
23.c5 Bd6xe5
24.Bd2xb4 Be5b2
25.Rc1d1  { time }
1-0

[Event "Match"]
[Site "www.echecsemail.com"]
[Date "2016.08.15"]
[Round "1"]
[White "Nimzo"]
[Black "Szustan"]
[WhiteElo "2830"]
[BlackElo "2580"]
[Result "0-1"]
[Round "1"]
1.d4 d5
2.c4 dxc4
3.e4 e5
4.Ng1f3 exd4
5.Bf1xc4 Nb8c6
6.Qd1b3 Qd8d7
7.Bc1d2 a6
8.O-O Nc6d8
9.Rf1e1 b5
10.Bc4d5 c6
11.Nf3e5 Qd7c7
12.Bd2f4 Bf8d6
13.Ne5xc6 Bd6xf4
14.Nc6xd8 Bf4xh2
15.Kh1 Qc7xd8
16.Bd5xf7 { time. }
0-1

[Event "1/64 Finale"]
[Site "www.chess-mail.com"]
[Date "2016.08.15"]
[Round "1"]
[White "Jhzes"]
[Black "Kozakliuty"]
[WhiteElo "1870"]
[BlackElo "1660"]
[Result "1-0"]
[Round "1"]
1.Ng1f3 b5
2.d4 e6
3.e4 a6
4.b3 Bc8b7
5.Bf1d3 Ng8f6
6.Qd1e2 d6
7.Bc1b2 Nb8d7
8.Nb1d2 Bf8e7
9.h3 O-O
{ time. }
1-0

[Event "Tourn. n8888"]
[Site "www.chess-mail.com"]
[Date "2016.08.16"]
[Round "1"]
[White "Picifarkinca"]
[Black "Jhzes"]
[WhiteElo "1960"]
[BlackElo "1930"]
[Result "0-1"]
[Round "1"]
1.e4 c6
2.d4 g6
3.c3 a6
4.f4 e6
5.Ng1f3 b5
6.Bc1e3 d5
7.e5 h6
8.Bf1d3 f5
9.Be3f2 g5
10.Nf3g1 gxf4
11.Qd1h5 Kd7
12.Qh5f7 Qd8e7
13.Qf7xe7 Bf8xe7
14.Ng1h3 Be7g5
15.Nh3xg5 hxg5
16.Nb1d2 Ng8h6
17.O-O-O Nh6g4
18.Bf2g1 a5
19.Nd2f3 Rh8g8
20.h3 Ng4e3
21.Bg1xe3 fxe3
22.g3 f4
23.gxf4 gxf4
24.Rd1g1 Rg8f8
25.Rg1g7 Kd8
26.h4 b4
27.h5 bxc3
28.bxc3 Bc8d7
29.Bd3g6 Ra8a7
30.h6 Bd7e8
31.h7 Ra7xg7
32.h8Q Rf8xh8
33.Rh1xh8 Rg7xg6
{ resign }
0-1